01690nam a2200397 a 4500001001200000003000800012006001900020007001500039008004100054010001700095020002800112020003500140020001800175020002700193040002100220035002100241041001300262050002600275082001200301100004200313240005800355245021300413260007000626300001700696440003400713504005200747533015200799600004500951655002900996700003101025700002101056700005501077710001701132856012601149999001701275ebr10642479CaPaEBRm u cr cn|||||||||000331s2001 dcu sb 000 0 eng d z 00037883  z0813209943 (alk. paper) z0813209951 (pbk. : alk. paper) z9780813209951 z9780813220277 (e-book) aCaPaEBRcCaPaEBR a(OCoLC)8475504661 aenghlat14aPA6231.Q7bT48 2001eb04a1892210 aThomas,cAquinas, Saint,d1225?-1274.10aExpositio in librum Boethii De hebdomadibus.lEnglish13aAn exposition of the On the hebdomads of Boethiush[electronic resource] =bExpositio libri Boetii De ebdomadibus /cSt. Thomas Aquinas ; introduction and translation by Janice L. Schultz and Edward A. Synan. aWashington, D.C. :bCatholic University of America Press,cc2001. alxvii, 65 p. 0aThomas Aquinas in translation aIncludes bibliographical references (p. 63-65). aElectronic reproduction.bPalo Alto, Calif. :cebrary,d2013.nAvailable via World Wide Web.nAccess may be limited to ebrary affiliated libraries.00aBoethius,dd. 524.tQuomodo substantiae. 7aElectronic books.2local1 aSchultz, Janice L.,d1945-1 aSynan, Edward A.02aBoethius,dd. 524.tQuomodo substantiae.lEnglish.2 aebrary, Inc.40uhttp://site.ebrary.com/lib/rucke/Doc?id=10642479zAn electronic book accessible through the World Wide Web; click to view c43763d43763